00545nam a2200205Ia 4500020001800000082001500018245006900033260003600102300001300138440002600151650001100177650001300188650002500201650002200226650002000248650001900268700001700287700001600304700001900320 a9788187496915 a362.1 SOC- 0aSocialist register 2010: Morbid symptons:health under capitalism aNew DelhibLeftword Booksc2009 axiv, 325 aSocial register: 2010 aHealth aWellness aMedical corporations aMedical economics aHealth planning aMedical policy aPanitch, Leo aLeys, Colin aChibber, Vivek